00390nam a22001457a 450000500170000000800410001702000150005804100120007308200130008510000120009824500260011026000570013630000250019365000260021820240822105834.0240822b |||||||| |||| 00| 0 eng d a0409035122 aEnglish a349 LAW  lEnglish aThe Lawyer's Yearbook aDurban: bButterworth and Company (Pty) Ltd, c2006  b356 pages; c18 cm.  aLegal practice bLaw